Infrastructure in Latin America and the Caribbean : Recent Developments and Key Challenges /
Gardado en:
| Autor Principal: | |
|---|---|
| Outros autores: | |
| Formato: | Libro |
| Idioma: | inglés |
| Publicado: |
Washington, EUA :
Banco Mundial,
2007, c2007
|
| Series: | (Directions in Development. Infrastructure)
|
| Temas: | |
| Etiquetas: |
MARC
| LEADER | 00000nam^a2200000^a^4500 | ||
|---|---|---|---|
| 001 | 000193954 | ||
| 005 | 20250521000000.0 | ||
| 009 | 20260310102701.22 | ||
| 020 | |a 0-8213-6676-9 | ||
| 037 | |a Acervo ITESO - Biblioteca | ||
| 041 | |a ING | ||
| 082 | |a 330. 980 |b FAY | ||
| 100 | |a Fay, Marianne |e (autor) | ||
| 245 | 1 | 0 | |a Infrastructure in Latin America and the Caribbean : |b Recent Developments and Key Challenges / |c M. Fay, M. Morrison. |
| 264 | 4 | |a Washington, EUA : |b Banco Mundial, |c 2007, c2007 | |
| 300 | |a XIII, 130 p. | ||
| 336 | |a texto |b txt |2 rdacontenido | ||
| 337 | |a sin mediación |b n |2 rdamedio | ||
| 338 | |a volumen |b nc |2 rdasoporte | ||
| 440 | 1 | |a (Directions in Development. |p Infrastructure) | |
| 649 | |a XX | ||
| 650 | |a Infraestructura - |z Latinoamérica - |x Tema Principal | ||
| 650 | |a Infraestructura - |z Caribe, El - |x Tema Principal | ||
| 650 | |a Sector Público | ||
| 650 | |a Desarrollo Regional | ||
| 650 | |a Desarrollo Económico-Social | ||
| 650 | |a Economía | ||
| 650 | |a Latinoamérica - |x Condiciones Económicas | ||
| 650 | |a Caribe, El - |x Condiciones Económicas | ||
| 700 | |a Morrison, Mary |e (autor) | ||
| 910 | |a Fondo General | ||
| 920 | |a Impresos - Libros | ||
| 930 | |a Colección General | ||
| 905 | |a 101 | ||
| 901 | |a 0500138669 |b IT1 |c ACC |u 20250521 | ||
| 902 | |a https://opac.biblio.iteso.mx/vufind/Record/000193954 | ||